000 00737nam a22002297a 4500
005 20140904114343.0
010 _aENG-110722
020 _a9788132118459
_c995.00
035 _aEN-94254
037 _bDBAD/PUB
082 _a361.61
100 _aPawar, Manohar
245 _aSocial and community development practice /
_cby Manohar Pawar
260 _aNew Delhi
_bSage Publications
_c2014
270 _aB1/ I-1 Mohan Cooperative Industrial Area,Mathura Road
_bNew Delhi
_e110044
300 _axxi,293p.
_c23cm(Hb)
500 _a Includes bibliographical references and index.
650 _aSocial service.
650 _a Social planning.
650 _aCommunity development.
942 _2ddc
_cEN
_h361.61
_mPAW
999 _c88274
_d88274